Ante la conmemoración del Quinto Centenario del descubrimiento de América / (Record no. 168941)
[ view plain ]
| 000 -LEADER | |
|---|---|
| campo de control de longitud fija | 00898nam a22001935i 4500 |
| 001 - NÚMERO DE CONTROL | |
| campo de control | 168941 |
| 003 - IDENTIFICADOR DE NÚMERO DE CONTROL | |
| campo de control | ES-MaACL |
| 005 - FECHA Y HORA DE LA ÚLTIMA TRANSACCIÓN | |
| campo de control | 20231216062910.0 |
| 008 - DATOS DE LONGITUD FIJA--INFORMACIÓN GENERAL | |
| campo de control de longitud fija | 080626s1984 sp |||| | spa d |
| 080 ## - NÚMERO DE LA CLASIFICACIÓN DECIMAL UNIVERSAL | |
| Número de la Clasificación Decimal Universal | 970/980"1942" |
| 100 1# - ENTRADA PRINCIPAL--NOMBRE DE PERSONA | |
| Nombre de persona | Pérez de Tudela y Bueso, Juan, |
| Fechas asociadas al nombre | 1922-2004 |
| 9 (RLIN) | 90810 |
| 245 10 - MENCIÓN DEL TÍTULO | |
| Título | Ante la conmemoración del Quinto Centenario del descubrimiento de América / |
| Mención de responsabilidad, etc. | Juan Pérez de Tudela. |
| 260 ## - PUBLICACIÓN, DISTRIBUCIÓN, ETC. | |
| Lugar de publicación, distribución, etc. | [Madrid : |
| Nombre del editor, distribuidor, etc. | SEI, |
| Fecha de publicación, distribución, etc. | 1984] |
| 300 ## - DESCRIPCIÓN FÍSICA | |
| Extensión | p. 191-203 ; |
| Dimensiones | 21 cm. |
| 500 ## - NOTA GENERAL | |
| Nota general | Conferencia pronunciada en el XXX Curso de Altos Estudios Internacionales (febrero a junio de 1984), organizado por la Sociedad de Estudios Internacionales (SEI) y que figura en el libro del mismo título editado por la SEI. |
| 650 14 - PUNTO DE ACCESO ADICIONAL DE MATERIA--TÉRMINO DE MATERIA | |
| Término de materia o nombre geográfico como elemento de entrada | América- |
| Subdivisión general | Descubrimientos y exploraciones- |
| Subdivisión de forma | Aniversarios y centenarios. |
| 9 (RLIN) | 224764 |
| 852 ## - LOCALIZACIÓN | |
| Ubicación | ES-MaACL |
| Número de control de estantería | 2241-F-8 |
| itemnumber | R.142403 |
| Estatus retirado | Estado de pérdida | Estado de daño | No para préstamo | Colección | Biblioteca de origen | Biblioteca actual | Ubicación en estantería | Fecha de adquisición | Fuente de adquisición | Total de préstamos | Signatura topográfica completa | Código de barras | Visto por última vez | Precio de reemplazo | Tipo de ítem Koha |
|---|---|---|---|---|---|---|---|---|---|---|---|---|---|---|---|
| Colección de folletos | Biblioteca del Ateneo de Madrid | Biblioteca del Ateneo de Madrid | Depósito folletos | 26/06/2008 | 2241-F-8 | 1177309 | 23/02/2023 | 23/02/2023 | Folleto |
